[Event "YUG-ch"]
[Site "Vrbas"]
[Date "1982.??.??"]
[Round "?"]
[White "Gligoric, Svetozar"]
[Black "Velimirovic, Dragoljub"]
[Result "1/2-1/2"]
[WhiteElo "2535"]
[BlackElo "2500"]
[PlyCount "30"]
[EventDate "1982.??.??"]
[EventType "tourn"]
[EventRounds "17"]
[EventCountry "YUG"]
[EventCategory "9"]
[Source "ChessBase"]
[SourceDate "1999.07.01"]
[WhiteTeamCountry "YUG"]
[BlackTeamCountry "YUG"]

1. Nf3 Nf6 2. c4 c5 3. Nc3 g6 4. d4 cxd4 5. Nxd4 Nc6 6. e4 d6 7. Be2 Nxd4 8.
Qxd4 Bg7 9. Be3 O-O 10. Qd2 Bd7 11. O-O Bc6 12. f3 a5 13. Rfd1 Nd7 14. Bd4
Bxd4+ 15. Qxd4 Qb6 1/2-1/2

[Event "YUG-ch"]
[Site "Vrbas"]
[Date "1982.??.??"]
[Round "?"]
[White "Ivkov, Borislav"]
[Black "Velimirovic, Dragoljub"]
[Result "1/2-1/2"]
[WhiteElo "2480"]
[BlackElo "2500"]
[PlyCount "34"]
[EventDate "1982.??.??"]
[EventType "tourn"]
[EventRounds "17"]
[EventCountry "YUG"]
[EventCategory "9"]
[Source "ChessBase"]
[SourceDate "1999.07.01"]
[WhiteTeamCountry "YUG"]
[BlackTeamCountry "YUG"]

1. e4 c5 2. Nf3 Nc6 3. d4 cxd4 4. Nxd4 g6 5. c4 Bg7 6. Be3 Nf6 7. Nc3 d6 8. Be2
Nd7 9. O-O O-O 10. Rc1 Nc5 11. Re1 Bd7 12. Bf1 Na4 13. Nxa4 Nxd4 14. Bxd4 Bxa4
15. b3 Bc6 16. Bxg7 Kxg7 17. Qd4+ f6 1/2-1/2

[Event "YUG-ch"]
[Site "Vrbas"]
[Date "1982.??.??"]
[Round "?"]
[White "Kelecevic, Nedeljko"]
[Black "Velimirovic, Dragoljub"]
[Result "1/2-1/2"]
[WhiteElo "2390"]
[BlackElo "2500"]
[PlyCount "91"]
[EventDate "1982.??.??"]
[EventType "tourn"]
[EventRounds "17"]
[EventCountry "YUG"]
[EventCategory "9"]
[Source "ChessBase"]
[SourceDate "1999.07.01"]
[WhiteTeamCountry "YUG"]
[BlackTeamCountry "YUG"]

1. d4 c5 2. d5 d6 3. c4 Nf6 4. Nc3 g6 5. e4 Bg7 6. Nf3 O-O 7. Be2 e5 8. dxe6
Bxe6 9. Bf4 Qa5 10. Nd2 Rd8 11. Nb3 Qb6 12. O-O Nc6 13. Be3 Ne5 14. Nd5 Bxd5
15. exd5 Re8 16. Qc2 Ned7 17. Nd2 Re7 18. h3 Rae8 19. Rfe1 Ne4 20. Nxe4 Rxe4
21. Bd3 R4e7 22. Reb1 Rxe3 23. fxe3 Rxe3 24. Re1 Rxe1+ 25. Rxe1 Bxb2 26. g3 Ne5
27. Kg2 Bd4 28. Be2 Qa5 29. Rb1 b6 30. a4 h5 31. Kh2 Kf8 32. Kg2 Ke7 33. Rd1
Kd7 34. Rb1 Kc7 35. Kf1 Qc3 36. Qxc3 Bxc3 37. Kf2 Kb7 38. g4 hxg4 39. hxg4 Ka6
40. Rb3 Bd4+ 41. Kg3 Ka5 42. Bd1 a6 43. Be2 g5 44. Kg2 Nd7 45. Bd1 Bf6 46. Kf1
1/2-1/2

[Event "YUG-ch"]
[Site "Vrbas"]
[Date "1982.??.??"]
[Round "?"]
[White "Ljubojevic, Ljubomir"]
[Black "Velimirovic, Dragoljub"]
[Result "0-1"]
[WhiteElo "2600"]
[BlackElo "2500"]
[PlyCount "150"]
[EventDate "1982.??.??"]
[EventType "tourn"]
[EventRounds "17"]
[EventCountry "YUG"]
[EventCategory "9"]
[Source "ChessBase"]
[SourceDate "1999.07.01"]
[WhiteTeamCountry "YUG"]
[BlackTeamCountry "YUG"]

1. Nf3 Nf6 2. c4 e6 3. d4 c5 4. Nc3 cxd4 5. Nxd4 Bb4 6. g3 Ne4 7. Qd3 Qa5 8.
Nb3 Nxc3 9. Bd2 Ne4 10. Qxe4 Bxd2+ 11. Nxd2 O-O 12. Bg2 Nc6 13. Qf4 e5 14. Qh4
d6 15. a3 Be6 16. Rc1 Rad8 17. Rc3 d5 18. Nb3 Qb6 19. cxd5 Rxd5 20. g4 Rd6 21.
Qg3 Nd4 22. Nxd4 Rxd4 23. Qxe5 Rxg4 24. Rg3 f6 25. Qe3 Qxe3 26. Rxe3 Rxg2 27.
Rxe6 Rc8 28. Kd2 Kf7 29. Rd6 Ke7 30. Rd5 Kf7 31. Rh5 Rxf2 32. Rxh7 Re8 33. Re1
Re5 34. Rh4 Rb5 35. Ke3 Rff5 36. Rb1 Rb3+ 37. Kd2 Rd5+ 38. Kc2 Re3 39. Re1 f5
40. Rc4 g5 41. Rc7+ Re7 42. Rxe7+ Kxe7 43. Rf1 Ke6 44. Rf3 Rd7 45. Rg3 Kf6 46.
Rh3 g4 47. Rg3 Kg5 48. e3 Rh7 49. Rg2 Rh3 50. Kd2 Rf3 51. Re2 Kf6 52. Kd3 Ke5
53. Rg2 f4 54. Rxg4 Rxe3+ 55. Kd2 Rb3 56. Kc2 Rh3 57. Rg2 f3 58. Rd2 Ke4 59.
Kd1 Rh7 60. Ke1 Rc7 61. Kf2 b5 62. b4 Rc3 63. Ra2 Rc1 64. Rd2 Ra1 65. h4 Rxa3
66. h5 Ra6 67. Rc2 Rd6 68. Kg3 Rd1 69. Rc6 Rg1+ 70. Kf2 Rg2+ 71. Kf1 Rh2 72. h6
Kd3 73. Rc5 a6 74. Rc6 f2 75. Rxa6 Kc4 0-1

[Event "YUG-ch"]
[Site "Vrbas"]
[Date "1982.??.??"]
[Round "?"]
[White "Rukavina, Josip"]
[Black "Velimirovic, Dragoljub"]
[Result "1/2-1/2"]
[WhiteElo "2450"]
[BlackElo "2500"]
[PlyCount "101"]
[EventDate "1982.??.??"]
[EventType "tourn"]
[EventRounds "17"]
[EventCountry "YUG"]
[EventCategory "9"]
[Source "ChessBase"]
[SourceDate "1999.07.01"]
[WhiteTeamCountry "YUG"]
[BlackTeamCountry "YUG"]

1. Nf3 Nf6 2. c4 e6 3. Nc3 Bb4 4. Qc2 c5 5. a3 Ba5 6. g3 O-O 7. Bg2 Nc6 8. O-O
Qe7 9. e4 Bc7 10. d3 a6 11. h3 Rb8 12. Be3 b5 13. cxb5 axb5 14. Ne2 Bb6 15.
Rac1 c4 16. Bxb6 Rxb6 17. Nf4 d6 18. Rfe1 cxd3 19. Nxd3 e5 20. Qd2 Be6 21. Qe3
Qb7 22. b4 Ra6 23. Rc3 Ne7 24. Nd2 Rc8 25. Rec1 Rac6 26. Ne1 h5 27. Nb1 h4 28.
Rxc6 Nxc6 29. Nf3 hxg3 30. fxg3 Nd4 31. Rxc8+ Qxc8 32. Ng5 Qc2 33. Nd2 Bc4 34.
Kh2 Be2 35. Ngf3 Bxf3 36. Nxf3 Nxf3+ 37. Qxf3 Qd2 38. Qf5 Qc3 39. Qf1 Qd2 40.
Qxb5 d5 41. Qb8+ Kh7 42. Qxe5 dxe4 43. Qf5+ Kg8 44. b5 e3 45. b6 e2 46. b7 Nd7
47. Qxd7 Qxd7 48. b8=Q+ Kh7 49. Qb4 Qd1 50. Bf3 e1=Q 51. Bxd1 1/2-1/2

[Event "YUG-ch"]
[Site "Vrbas"]
[Date "1982.??.??"]
[Round "?"]
[White "Velimirovic, Dragoljub"]
[Black "Barlov, Dragan"]
[Result "0-1"]
[WhiteElo "2500"]
[BlackElo "2405"]
[PlyCount "132"]
[EventDate "1982.??.??"]
[EventType "tourn"]
[EventRounds "17"]
[EventCountry "YUG"]
[EventCategory "9"]
[Source "ChessBase"]
[SourceDate "1999.07.01"]
[WhiteTeamCountry "YUG"]
[BlackTeamCountry "YUG"]

1. e4 c5 2. Nf3 Nc6 3. d4 cxd4 4. Nxd4 Qb6 5. Nb3 Nf6 6. Bd3 e6 7. O-O Be7 8.
a4 O-O 9. Nc3 Qc7 10. f4 d6 11. Qf3 e5 12. Nd5 Nxd5 13. exd5 Nb4 14. Bxh7+ Kxh7
15. Qe4+ Bf5 16. Qxf5+ Kg8 17. Rf2 Rac8 18. c3 Nxd5 19. Qd3 Qc4 20. Qxc4 Rxc4
21. g3 b6 22. Rd2 Nf6 23. Re2 Re8 24. Nd2 Rcc8 25. Nf3 e4 26. Nd4 d5 27. Nf5
Bf8 28. Be3 g6 29. Nd4 Ng4 30. Nc2 Nxe3 31. Nxe3 Bc5 32. Rd1 Red8 33. Kf2 d4
34. cxd4 Rxd4 35. Rxd4 Bxd4 36. Rd2 Rc4 37. b3 Rb4 38. Ke2 Bc5 39. Rb2 Bxe3 40.
Kxe3 f5 41. h3 Kf7 42. g4 a5 43. Rc2 Rxb3+ 44. Kd4 Rd3+ 45. Ke5 Rd7 46. gxf5
Re7+ 47. Kd4 gxf5 48. h4 Kf6 49. Ke3 Re6 50. h5 Rd6 51. Rg2 Rd3+ 52. Ke2 Rf3
53. Rg6+ Kf7 54. Rg5 Kf6 55. Rg6+ Kf7 56. Rg5 Rxf4 57. h6 Rh4 58. Rxf5+ Ke7 59.
h7 Rxh7 60. Rb5 Rh6 61. Ke3 Kd7 62. Re5 Rh3+ 63. Kxe4 Kc6 64. Re6+ Kb7 65. Re7+
Ka6 66. Kd5 Rd3+ 0-1

[Event "YUG-ch"]
[Site "Vrbas"]
[Date "1982.??.??"]
[Round "?"]
[White "Velimirovic, Dragoljub"]
[Black "Cvitan, Ognjen"]
[Result "0-1"]
[WhiteElo "2500"]
[BlackElo "2430"]
[PlyCount "82"]
[EventDate "1982.??.??"]
[EventType "tourn"]
[EventRounds "17"]
[EventCountry "YUG"]
[EventCategory "9"]
[Source "ChessBase"]
[SourceDate "1999.07.01"]
[WhiteTeamCountry "YUG"]
[BlackTeamCountry "YUG"]

1. e4 c5 2. Nf3 d6 3. d4 cxd4 4. Nxd4 Nf6 5. Nc3 a6 6. Bg5 e6 7. f4 Qb6 8. Qd2
Qxb2 9. Rb1 Qa3 10. f5 Nc6 11. fxe6 fxe6 12. Nxc6 bxc6 13. e5 Nd5 14. Nxd5 cxd5
15. Be2 dxe5 16. O-O Ra7 17. c4 Qc5+ 18. Kh1 d4 19. Bh5+ g6 20. Bd1 Be7 21.
Ba4+ Kd8 22. Rf7 h6 23. Bxh6 e4 24. Be3 e5 25. Bg5 e3 26. Bxe3 Rb7 27. Re1 Be6
28. Rg7 Kc8 29. Bf2 Qb4 30. Qxb4 Bxb4 31. Rxb7 Bxe1 32. Rb6 Rf8 33. Rc6+ Kd8
34. Rxe6 Rxf2 35. g3 Rxa2 36. Bb3 Rb2 37. Rxe5 Rxb3 38. Rxe1 d3 39. Kg2 Rb2+
40. Kh3 d2 41. Rd1 a5 0-1

[Event "YUG-ch"]
[Site "Vrbas"]
[Date "1982.??.??"]
[Round "?"]
[White "Velimirovic, Dragoljub"]
[Black "Hresc, Vladimir"]
[Result "1-0"]
[WhiteElo "2500"]
[BlackElo "2265"]
[PlyCount "64"]
[EventDate "1982.??.??"]
[EventType "tourn"]
[EventRounds "17"]
[EventCountry "YUG"]
[EventCategory "9"]
[Source "ChessBase"]
[SourceDate "1999.07.01"]
[WhiteTeamCountry "YUG"]
[BlackTeamCountry "YUG"]

1. e4 e5 2. Nf3 Nc6 3. c3 Nf6 4. d4 exd4 5. e5 Ne4 6. Qe2 d5 7. exd6 f5 8. Nxd4
Nxd4 9. cxd4 Bxd6 10. f3 Qh4+ 11. g3 Bxg3+ 12. hxg3 Qxg3+ 13. Kd1 O-O 14. Kc2
Nf2 15. Bf4 Qxf4 16. Qxf2 Rd8 17. Bc4+ Kh8 18. Nc3 Rxd4 19. Rad1 Rd6 20. Rh4
Qg5 21. Rg1 Qd8 22. Qg3 Qf8 23. Qe5 h6 24. Nd5 Bd7 25. Nxc7 Rc8 26. Rxg7 Qxg7
27. Qxd6 Kh7 28. Rxh6+ Qxh6 29. Qxd7+ Qg7 30. Qxc8 Qg2+ 31. Kb3 Qxf3+ 32. Kb4
Qf2 1-0

[Event "YUG-ch"]
[Site "Vrbas"]
[Date "1982.??.??"]
[Round "?"]
[White "Velimirovic, Dragoljub"]
[Black "Ivanovic, Bozidar"]
[Result "1/2-1/2"]
[WhiteElo "2500"]
[BlackElo "2485"]
[PlyCount "82"]
[EventDate "1982.??.??"]
[EventType "tourn"]
[EventRounds "17"]
[EventCountry "YUG"]
[EventCategory "9"]
[Source "ChessBase"]
[SourceDate "1999.07.01"]
[WhiteTeamCountry "YUG"]
[BlackTeamCountry "YUG"]

1. e4 c5 2. Nf3 Nc6 3. d4 cxd4 4. Nxd4 Nf6 5. Nc3 d6 6. Bc4 e6 7. Be3 Qc7 8.
Qe2 a6 9. Bb3 Na5 10. g4 b5 11. g5 Nd7 12. a3 Nb6 13. O-O-O Rb8 14. f4 Nbc4 15.
f5 Nxa3 16. fxe6 Nxb3+ 17. cxb3 b4 18. exf7+ Kxf7 19. Rhf1+ Ke8 20. bxa3 Qxc3+
21. Kb1 bxa3 22. Rd3 Qb2+ 23. Qxb2 axb2 24. Kxb2 Be7 25. Rc3 Bd7 26. Ra1 Ra8
27. Nf5 Bxf5 28. exf5 h6 29. Re1 Kd7 30. h4 hxg5 31. hxg5 Rh2+ 32. Rc2 Rah8 33.
Ra1 R8h3 34. Rxh2 Rxh2+ 35. Kc3 Rh3 36. Kd4 Rg3 37. Rxa6 Bxg5 38. Bxg5 Rxg5 39.
Ke4 Rg3 40. b4 Rb3 41. Kd5 Rd3+ 1/2-1/2

[Event "YUG-ch"]
[Site "Vrbas"]
[Date "1982.??.??"]
[Round "?"]
[White "Velimirovic, Dragoljub"]
[Black "Marjanovic, Slavoljub"]
[Result "1-0"]
[WhiteElo "2500"]
[BlackElo "2515"]
[PlyCount "159"]
[EventDate "1982.??.??"]
[EventType "tourn"]
[EventRounds "17"]
[EventCountry "YUG"]
[EventCategory "9"]
[Source "ChessBase"]
[SourceDate "1999.07.01"]
[WhiteTeamCountry "YUG"]
[BlackTeamCountry "YUG"]

1. e4 c5 2. Nf3 d6 3. d4 cxd4 4. Nxd4 Nf6 5. Nc3 a6 6. Bg5 e6 7. f4 Qb6 8. Qd2
Qxb2 9. Rb1 Qa3 10. f5 Nc6 11. fxe6 fxe6 12. Nxc6 bxc6 13. e5 dxe5 14. Bxf6
gxf6 15. Ne4 Be7 16. Be2 h5 17. Rb3 Qa4 18. Nxf6+ Bxf6 19. c4 Ra7 20. O-O Rd7
21. Qe3 Qxa2 22. Rxf6 Qa1+ 23. Bf1 Rg7 24. Rf2 Qd4 25. Rd3 Qxe3 26. Rxe3 Rg5
27. h4 Rg4 28. g3 Ke7 29. Be2 Rg7 30. Kh2 Kd6 31. Rf1 Rd7 32. Rd1+ Ke7 33. Rxe5
Rf8 34. Rxd7+ Bxd7 35. Bxh5 Rf5 36. Rxf5 exf5 37. c5 Be6 38. Bd1 Bc4 39. Kg2
Ke6 40. Kf3 Ke5 41. Ke3 a5 42. Ba4 Bd5 43. h5 Be4 44. Bb3 Bg2 45. Bd1 Be4 46.
Ba4 Bh1 47. h6 Kf6 48. Kf4 Kg6 49. h7 Kxh7 50. Kxf5 Bf3 51. Kf4 Bd5 52. Ke5 Kg6
53. Kd6 Kf6 54. Kc7 Ke5 55. Kb6 Kd4 56. g4 Kc4 57. g5 Kb4 58. Bxc6 Bxc6 59.
Kxc6 a4 60. g6 a3 61. g7 a2 62. g8=Q a1=Q 63. Qb8+ Kc4 64. Qb5+ Kc3 65. Kb7
Qh1+ 66. c6 Qe4 67. Qc5+ Kd2 68. Ka7 Qa4+ 69. Kb6 Qb3+ 70. Ka5 Qa2+ 71. Kb5 Qa8
72. c7 Qc8 73. Kb4 Ke1 74. Qc1+ Kf2 75. Ka3 Kg3 76. Qc4 Kh2 77. Qc2+ Kg3 78.
Kb2 Kf4 79. Kc1 Ke5 80. Qc6 1-0

[Event "YUG-ch"]
[Site "Vrbas"]
[Date "1982.??.??"]
[Round "?"]
[White "Velimirovic, Dragoljub"]
[Black "Parma, Bruno"]
[Result "1/2-1/2"]
[WhiteElo "2500"]
[BlackElo "2485"]
[PlyCount "85"]
[EventDate "1982.??.??"]
[EventType "tourn"]
[EventRounds "17"]
[EventCountry "YUG"]
[EventCategory "9"]
[Source "ChessBase"]
[SourceDate "1999.07.01"]
[WhiteTeamCountry "YUG"]
[BlackTeamCountry "YUG"]

1. e4 d6 2. d4 Nf6 3. Nd2 g6 4. Ngf3 Bg7 5. Bd3 O-O 6. O-O Nc6 7. Re1 e5 8. d5
Ne7 9. c4 Nh5 10. Bf1 h6 11. c5 f5 12. cxd6 cxd6 13. exf5 Bxf5 14. Qb3 Kh7 15.
Ne4 Bg4 16. Be2 Bf5 17. Bd3 Nf6 18. Nxf6+ Bxf6 19. Bd2 Qb6 20. Qxb6 axb6 21.
Bxf5 gxf5 22. Bb4 Rfd8 23. Red1 e4 24. Nd4 Nxd5 25. Ba3 Nc3 26. bxc3 Bxd4 27.
cxd4 Rxa3 28. Rd2 Rc8 29. g3 d5 30. Rb1 Rc6 31. Kf1 Kg6 32. Rb5 Rd6 33. Rdb2
Ra6 34. Ke2 f4 35. gxf4 Kf5 36. Ke3 Ra3+ 37. R5b3 Rxb3+ 38. Rxb3 Rc6 39. f3
exf3 40. Kxf3 Rc4 41. Ke3 Rc2 42. Rb5 Rc3+ 43. Kd2 1/2-1/2

[Event "YUG-ch"]
[Site "Vrbas"]
[Date "1982.??.??"]
[Round "?"]
[White "Velimirovic, Dragoljub"]
[Black "Sines, Josip"]
[Result "1-0"]
[WhiteElo "2500"]
[BlackElo "2355"]
[PlyCount "111"]
[EventDate "1982.??.??"]
[EventType "tourn"]
[EventRounds "17"]
[EventCountry "YUG"]
[EventCategory "9"]
[Source "ChessBase"]
[SourceDate "1999.07.01"]
[WhiteTeamCountry "YUG"]
[BlackTeamCountry "YUG"]

1. e4 c6 2. d4 d5 3. Nd2 dxe4 4. Nxe4 Bf5 5. Ng3 Bg6 6. h4 h6 7. Nf3 Nd7 8. h5
Bh7 9. Bd3 Bxd3 10. Qxd3 e6 11. Bd2 Ngf6 12. O-O-O Qc7 13. Ne4 Nxe4 14. Qxe4
Nf6 15. Qe2 O-O-O 16. g3 Bd6 17. c4 Qe7 18. Kb1 Rhe8 19. Ba5 Bc7 20. Bc3 c5 21.
Ne5 Bb6 22. a3 cxd4 23. Bb4 Bc5 24. Bxc5 Qxc5 25. Nxf7 Qf5+ 26. Rd3 Rd7 27. Ne5
Rc7 28. Ka1 Rd8 29. Rhd1 Rc5 30. f4 Qxh5 31. g4 Qe8 32. Rxd4 Rxd4 33. Rxd4 Rc7
34. Qe3 Nd7 35. Ka2 Nxe5 36. Qxe5 Qe7 37. Rd6 Rc6 38. Rxc6+ bxc6 39. Kb3 Qd7
40. Kc3 Kb7 41. b4 Qf7 42. Qd6 Qf6+ 43. Kb3 Qf7 44. a4 Qg6 45. Qd1 Kc8 46. b5
c5 47. a5 Qe4 48. a6 Kc7 49. Qc2 Qxf4 50. Qg2 Qd4 51. b6+ axb6 52. Qf3 Qd2 53.
Qb7+ Kd8 54. Qxb6+ Kd7 55. Qxc5 Qd1+ 56. Kb4 1-0

[Event "YUG-ch"]
[Site "Vrbas"]
[Date "1982.??.??"]
[Round "?"]
[White "Vukic, Milan"]
[Black "Velimirovic, Dragoljub"]
[Result "1-0"]
[WhiteElo "2465"]
[BlackElo "2500"]
[PlyCount "111"]
[EventDate "1982.??.??"]
[EventType "tourn"]
[EventRounds "17"]
[EventCountry "YUG"]
[EventCategory "9"]
[Source "ChessBase"]
[SourceDate "1999.07.01"]
[WhiteTeamCountry "YUG"]
[BlackTeamCountry "YUG"]

1. Nf3 Nf6 2. c4 e6 3. g3 d5 4. Bg2 Be7 5. O-O O-O 6. b3 b6 7. Bb2 Bb7 8. cxd5
exd5 9. d4 Nbd7 10. Nc3 Re8 11. Rc1 Bf8 12. Qc2 a6 13. e3 Bd6 14. Rfd1 Qe7 15.
Ne2 Ne4 16. Nf4 Rac8 17. Qe2 Nf8 18. Ne5 c5 19. Nf3 c4 20. Ne5 c3 21. Ba1 f6
22. Ned3 g5 23. Nh5 Qf7 24. g4 Ba3 25. Rc2 Rc7 26. f3 Nd6 27. Rxc3 Rce7 28. Ne1
Bb4 29. Rcd3 a5 30. Nc2 Ba6 31. a3 Bxd3 32. Rxd3 Bxa3 33. Nxa3 f5 34. Bc3 Ng6
35. Nc2 Nh4 36. Be1 Nxg2 37. Kxg2 fxg4 38. fxg4 Ne4 39. Bg3 Rf8 40. Ne1 Qe6 41.
h3 b5 42. Nf3 b4 43. Ne5 Rc7 44. Rd1 Nc3 45. Qc2 Rfc8 46. Rf1 Ne4 47. Qd3 Qb6
48. h4 Rc2+ 49. Kh3 Rd2 50. Qb1 Qa6 51. hxg5 Nxg5+ 52. Kh4 Ne4 53. g5 Qe2 54.
Nf6+ Nxf6 55. gxf6 Qxe3 56. Qf5 1-0

[Event "Vinkovci"]
[Site "Vinkovci"]
[Date "1982.??.??"]
[Round "1"]
[White "Velimirovic, Dragoljub"]
[Black "Gufeld, Eduard"]
[Result "0-1"]
[WhiteElo "2500"]
[BlackElo "2485"]
[PlyCount "58"]
[EventDate "1982.04.??"]
[EventType "tourn"]
[EventRounds "13"]
[EventCountry "YUG"]
[EventCategory "8"]
[Source "ChessBase"]
[SourceDate "1999.07.01"]
[WhiteTeamCountry "YUG"]
[BlackTeamCountry "YUG"]

1. e4 c5 2. Nf3 d6 3. d4 cxd4 4. Nxd4 Nf6 5. Nc3 g6 6. Be3 Bg7 7. f3 O-O 8. Qd2
Nc6 9. O-O-O d5 10. exd5 Nxd5 11. Nxc6 bxc6 12. Bd4 e5 13. Bc5 Be6 14. Ne4 Rb8
15. g4 f5 16. gxf5 gxf5 17. Ng5 e4 18. c3 Rxb2 19. Kxb2 Qa5 20. Bd4 e3 21. Qc2
Nxc3 22. Qxc3 Bxd4 23. Rxd4 Rb8+ 24. Kc2 Qxa2+ 25. Kd3 c5 26. Rd6 f4 27. Rg1
Qb1+ 28. Ke2 Rb2+ 29. Qxb2 Bc4+ 0-1

[Event "Vinkovci"]
[Site "Vinkovci"]
[Date "1982.??.??"]
[Round "2"]
[White "Klaric, Zlatko"]
[Black "Velimirovic, Dragoljub"]
[Result "0-1"]
[WhiteElo "2440"]
[BlackElo "2500"]
[PlyCount "79"]
[EventDate "1982.04.??"]
[EventType "tourn"]
[EventRounds "13"]
[EventCountry "YUG"]
[EventCategory "8"]
[Source "ChessBase"]
[SourceDate "1999.07.01"]
[WhiteTeamCountry "YUG"]
[BlackTeamCountry "YUG"]

1. d4 c5 2. c3 e6 3. e3 Nf6 4. Bd3 Nc6 5. Nf3 d5 6. Nbd2 Bd6 7. O-O O-O 8. a3
Qc7 9. e4 cxd4 10. cxd4 dxe4 11. Nxe4 Nxe4 12. Bxe4 h6 13. Bd2 Bd7 14. Rc1 Rad8
15. b4 Qb8 16. Bb1 Ne7 17. Re1 Bc6 18. Ne5 Bxe5 19. dxe5 Ng6 20. Qc2 Rd7 21.
Bf4 Rfd8 22. Bg3 h5 23. h4 Rd4 24. Qe2 Rg4 25. Bxg6 fxg6 26. b5 Bd5 27. Kh2 Rc8
28. Qd3 Kh7 29. f4 Rf8 30. Rc5 Qd8 31. Re3 b6 32. Rxd5 Qxd5 33. Qxd5 exd5 34.
Kh3 Kg8 35. Rd3 Rc8 36. Kh2 Rc5 37. a4 Kf7 38. Kg1 Ke6 39. Kf2 Rc4 40. Ra3 0-1

[Event "Vinkovci"]
[Site "Vinkovci"]
[Date "1982.??.??"]
[Round "3"]
[White "Velimirovic, Dragoljub"]
[Black "Bilek, Istvan"]
[Result "1-0"]
[WhiteElo "2500"]
[BlackElo "2440"]
[PlyCount "57"]
[EventDate "1982.04.??"]
[EventType "tourn"]
[EventRounds "13"]
[EventCountry "YUG"]
[EventCategory "8"]
[Source "ChessBase"]
[SourceDate "1999.07.01"]
[WhiteTeamCountry "YUG"]
[BlackTeamCountry "YUG"]

1. e4 e5 2. Nf3 Nc6 3. Bb5 a6 4. Ba4 Nf6 5. O-O Be7 6. Re1 b5 7. Bb3 O-O 8. c3
d6 9. h3 Na5 10. Bc2 c5 11. d4 Qc7 12. Nbd2 Bd7 13. Nf1 Rfe8 14. Ng3 g6 15. b3
Bf8 16. Bg5 Bg7 17. Qd2 exd4 18. cxd4 cxd4 19. Qf4 Ng4 20. hxg4 Qxc2 21. Bh6
Bh8 22. Nh5 f5 23. gxf5 gxh5 24. Rac1 Qxa2 25. Rc7 Rad8 26. Qg3+ Kf7 27. Ng5+
Ke7 28. e5 Qxb3 29. f6+ 1-0

[Event "Vinkovci"]
[Site "Vinkovci"]
[Date "1982.??.??"]
[Round "4"]
[White "Ivanovic, Bozidar"]
[Black "Velimirovic, Dragoljub"]
[Result "0-1"]
[WhiteElo "2485"]
[BlackElo "2500"]
[PlyCount "81"]
[EventDate "1982.04.??"]
[EventType "tourn"]
[EventRounds "13"]
[EventCountry "YUG"]
[EventCategory "8"]
[Source "ChessBase"]
[SourceDate "1999.07.01"]
[WhiteTeamCountry "YUG"]
[BlackTeamCountry "YUG"]

1. e4 c5 2. Nf3 Nc6 3. d4 cxd4 4. Nxd4 g6 5. Nc3 Bg7 6. Be3 Nf6 7. Bc4 O-O 8.
Bb3 d6 9. f3 Bd7 10. Qd2 Rc8 11. O-O-O Ne5 12. h4 h5 13. Bg5 Rc5 14. f4 Nc4 15.
Qd3 b5 16. f5 Kh7 17. Qe2 Qb6 18. Rhf1 a5 19. g4 Nxg4 20. Nd5 Rxd5 21. exd5
Bxd4 22. Qxe7 Bxf5 23. Bxc4 Bxb2+ 24. Kxb2 bxc4+ 25. Ka1 Kg7 26. Qe1 f6 27.
Rxf5 gxf5 28. Bd2 Rb8 29. Bc3 Ne3 30. Rd2 f4 31. a3 Kf7 32. Ka2 Qb5 33. Rd1
Nxd5 34. Ba1 Nb4+ 35. axb4 Qa4+ 36. Kb1 Rxb4+ 37. Kc1 Qxa1+ 38. Kd2 Qd4+ 39.
Ke2 Qe3+ 40. Kf1 Qxe1+ 41. Kxe1 0-1

[Event "Vinkovci"]
[Site "Vinkovci"]
[Date "1982.??.??"]
[Round "5"]
[White "Velimirovic, Dragoljub"]
[Black "Grigic"]
[Result "1-0"]
[WhiteElo "2500"]
[BlackElo "2200"]
[PlyCount "85"]
[EventDate "1982.04.??"]
[EventType "tourn"]
[EventRounds "13"]
[EventCountry "YUG"]
[EventCategory "8"]
[Source "ChessBase"]
[SourceDate "1999.07.01"]
[WhiteTeamCountry "YUG"]
[BlackTeamCountry "YUG"]

1. e4 c5 2. Nf3 e6 3. d4 cxd4 4. Nxd4 Nf6 5. Nc3 d6 6. g4 h6 7. h4 Be7 8. Rg1
h5 9. g5 Ng4 10. Be2 Nc6 11. Nxc6 bxc6 12. Bxg4 hxg4 13. Qxg4 Qb6 14. b3 e5 15.
Qg3 a5 16. a4 Be6 17. Ba3 Rb8 18. Rd1 Rd8 19. Rg2 f6 20. gxf6 gxf6 21. Rd3 Kd7
22. Qg7 c5 23. Nd5 Bxd5 24. Rxd5 Rhg8 25. Qxg8 Rxg8 26. Rxg8 Ke6 27. h5 Kf7 28.
Rg3 Bf8 29. c4 Bh6 30. Rgd3 Bf8 31. Bc1 Kg7 32. f4 Kh7 33. f5 Bh6 34. Bb2 Qb7
35. Kd1 Bg5 36. Kc2 Kh6 37. Bc3 Kxh5 38. Rg3 Qb6 39. Rd1 Kh6 40. Bd2 Qb7 41.
Bxg5+ Kg7 42. Bh6+ Kh7 43. Rg4 1-0

[Event "Vinkovci"]
[Site "Vinkovci"]
[Date "1982.??.??"]
[Round "6"]
[White "Plachetka, Jan"]
[Black "Velimirovic, Dragoljub"]
[Result "0-1"]
[WhiteElo "2435"]
[BlackElo "2500"]
[PlyCount "100"]
[EventDate "1982.04.??"]
[EventType "tourn"]
[EventRounds "13"]
[EventCountry "YUG"]
[EventCategory "8"]
[Source "ChessBase"]
[SourceDate "1999.07.01"]
[WhiteTeamCountry "YUG"]
[BlackTeamCountry "YUG"]

1. d4 Nf6 2. Nf3 e6 3. g3 b5 4. Bg2 Bb7 5. O-O Be7 6. Nbd2 d5 7. c3 a5 8. Ne5
Nfd7 9. Nxd7 Nxd7 10. e4 Nb6 11. e5 h5 12. f4 g6 13. Nf3 b4 14. Rf2 Ba6 15. Ng5
Qd7 16. Bh3 c5 17. a3 bxc3 18. bxc3 cxd4 19. cxd4 Qa4 20. Qe1 Bd3 21. Be3 Nc4
22. Qc3 Bf5 23. Bxf5 gxf5 24. Nf3 Kd7 25. Nd2 Rhc8 26. Nxc4 Rxc4 27. Qb2 Rac8
28. Qe2 Qb3 29. Re1 h4 30. g4 Rc2 31. Qd1 fxg4 32. Qxg4 Qd3 33. f5 Rxf2 34.
fxe6+ fxe6 35. Bxf2 h3 36. a4 Rc4 37. Rd1 Qh7 38. Qe2 Qe4 39. Qxe4 dxe4 40. Be1
Rxa4 41. d5 Bc5+ 42. Kf1 exd5 43. Rxd5+ Kc6 44. Rd2 Ra1 45. Rc2 Kd5 46. Ke2 Bd4
47. Bc3 Rh1 48. Bxd4 Kxd4 49. Rd2+ Kxe5 50. Ra2 Kf4 0-1

[Event "Vinkovci"]
[Site "Vinkovci"]
[Date "1982.??.??"]
[Round "7"]
[White "Velimirovic, Dragoljub"]
[Black "Popovic, Petar"]
[Result "1-0"]
[WhiteElo "2500"]
[BlackElo "2495"]
[PlyCount "47"]
[EventDate "1982.04.??"]
[EventType "tourn"]
[EventRounds "13"]
[EventCountry "YUG"]
[EventCategory "8"]
[Source "ChessBase"]
[SourceDate "1999.07.01"]
[WhiteTeamCountry "YUG"]
[BlackTeamCountry "YUG"]

1. e4 g6 2. d4 Bg7 3. Nc3 d6 4. f4 Nc6 5. Be3 Nf6 6. Nf3 O-O 7. e5 Ng4 8. Bg1
f6 9. h3 Nh6 10. d5 Nb4 11. a3 Na6 12. e6 c6 13. Bxa6 bxa6 14. Nd4 cxd5 15. g4
Qb6 16. b3 Kh8 17. Qd2 Bb7 18. Be3 Rac8 19. Nce2 Ng8 20. f5 gxf5 21. gxf5 Rc5
22. Rg1 Rfc8 23. Kf2 Qd8 24. Rg4 1-0

[Event "Vinkovci"]
[Site "Vinkovci"]
[Date "1982.??.??"]
[Round "8"]
[White "Ledic, Tomislav"]
[Black "Velimirovic, Dragoljub"]
[Result "1-0"]
[WhiteElo "2310"]
[BlackElo "2500"]
[PlyCount "107"]
[EventDate "1982.04.??"]
[EventType "tourn"]
[EventRounds "13"]
[EventCountry "YUG"]
[EventCategory "8"]
[Source "ChessBase"]
[SourceDate "1999.07.01"]
[WhiteTeamCountry "YUG"]
[BlackTeamCountry "YUG"]

1. Nf3 g6 2. g3 Bg7 3. Bg2 c5 4. O-O Nc6 5. c4 a6 6. Nc3 Rb8 7. d3 b5 8. Nd2
Nf6 9. Nb3 Qb6 10. Bg5 Nd4 11. Nxd4 cxd4 12. Nd5 Nxd5 13. cxd5 h6 14. Bf4 d6
15. Rc1 Bd7 16. Qc2 Rb7 17. b4 a5 18. Bd2 axb4 19. Bxb4 O-O 20. Qd2 Kh7 21. Rc2
Ra7 22. Rfc1 h5 23. h4 Bh6 24. f4 Rd8 25. Kh2 e5 26. dxe6 fxe6 27. Qe1 Bf8 28.
Bf3 d5 29. Bxf8 Rxf8 30. Qb4 Rf7 31. Kg2 Ra4 32. Qd2 Qa6 33. Rb2 Qd6 34. Kh2
Rf8 35. Kg2 Rfa8 36. Rcc2 Qb6 37. Qc1 R8a7 38. Kh2 Qa5 39. Kg2 Qd8 40. Kf2 Ra3
41. Qd2 Rc7 42. Rxc7 Qxc7 43. Qb4 Ra4 44. Qe7+ Kh8 45. Qf8+ Kh7 46. Qf7+ Kh6
47. Qf8+ Kh7 48. Qf7+ Kh6 49. f5 exf5 50. Rxb5 Ra8 51. Rxd5 Ra7 52. Qf8+ Kh7
53. Rc5 Qb6 54. Bd5 1-0